| 000 -LEADER | |
|---|---|
| fixed length control field | 00510nam a22001697a 4500 |
| 005 - DATE AND TIME OF LATEST TRANSACTION | |
| control field | 20240116113307.0 |
| 008 - FIXED-LENGTH DATA ELEMENTS--GENERAL INFORMATION | |
| fixed length control field | 210219b ||||| |||| 00| 0 eng d |
| 020 ## - INTERNATIONAL STANDARD BOOK NUMBER | |
| ISBN | 978-93-5129-668-3 |
| 041 ## - LANGUAGE CODE | |
| Language code of text/sound track or separate title | eng |
| 082 ## - DEWEY DECIMAL CLASSIFICATION NUMBER | |
| Classification number | 615.19 |
| 100 ## - MAIN ENTRY--AUTHOR NAME | |
| Personal name | ROCHE, VICTORIA. F .,ZITO,S. WILLIAM.,LEMKE,THOMAS L. AND WILLIAMS, DAVID A. |
| 245 ## - TITLE STATEMENT | |
| Title | ESSENTIALS OF FOYE'S PRINCIPLES OF MEDICINAL CHEMISTRY |
| 260 ## - PUBLICATION, DISTRIBUTION, ETC. (IMPRINT) | |
| Place of publication | PHILADELPHIA |
| Name of publisher | WALTERS KLUWER |
| Year of publication | 2017 |
| 300 ## - PHYSICAL DESCRIPTION | |
| Number of Pages | 641,p |
| 650 ## - SUBJECT ADDED ENTRY--TOPICAL TERM | |
| Topical Term | PHARMACY |
| General subdivision | B.PHARMA |
| 942 ## - ADDED ENTRY ELEMENTS (KOHA) | |
| Koha item type | Books |
| Lost status | Damaged status | Collection code | Home library | Current library | Shelving location | Date acquired | Source of acquisition | Cost, normal purchase price | Full call number | Accession Number | Koha item type |
|---|---|---|---|---|---|---|---|---|---|---|---|
| Reference | JRU Library | JRU Library | SHELF-5-A | 19/02/2021 | PURCHES / LBI - 1710 / 11-2-21 | 999.00 | 615.19 | 25551 | Books | ||
| PHARMACY | JRU Library | JRU Library | SHELF-18-A | 19/02/2021 | PURCHES / LBI - 1710 / 11-2-21 | 999.00 | 615.19 | 25552 | Books | ||
| PHARMACY | JRU Library | JRU Library | SHELF-18-A | 08/02/2022 | PURCHASE | 2199.00 | 616.0756 | 25965 | Books | ||
| PHARMACY | JRU Library | JRU Library | SHELF-18-A | 08/02/2022 | PURCHASE | 2199.00 | 616.0756 | 25966 | Books | ||
| PHARMACY | JRU Library | JRU Library | SHELF-18-A | 08/02/2022 | PURCHASE | 2199.00 | 616.0756 | 25967 | Books | ||
| PHARMACY | JRU Library | JRU Library | SHELF-18-A | 08/02/2022 | PURCHASE | 2199.00 | 616.0756 | 25968 | Books |